01101nam a2200265 a 4500001001000000003000400010005001700014008004100031040002500072082002400097100002500121245007100146260005500217300002000272490009400292504003000386590002600416651006500442651004200507830010100549910003600650942001400686952011800700999001700818000038350OSt20201124085425.0130409s19uu dr r 000 0 spa d aDO-SdBNPbspacBNPHU 4a972.9304bC348a2221 aCastel, Jorge96470810aAnexión y abandono de Santo Domingo (1861-1865) /cJorge Castel. aSanto Domingo :bMarto, Artes Gráficas,c[19-?]. a83 p. ;c22 cm.1 aCuadernos de historia de las relaciones internacionales y política exterior de España aBibliografía : p. 77-79 aInventariado, 2019/BT 4aRepública DominicanaxHistoriayAnexión 1861-1863977387 4aRepública DominicanaxHistoria9170 0nCuadernos de historia de las relaciones internacionales y política exterior de España977388 aValidado.Control de calidad MFF 2ddccLBS1 00102ddc718RVaBNPHUbPDcHDd2013-04-09l0oBNPHU PD 972.9304 C348a p38350-10r2020-06-25w2020-06-25yLBS1 c37840d37840